| 000 | 00604nam a2200181Ia 4500 | ||
|---|---|---|---|
| 008 | 190427s9999 xx 000 0 und d | ||
| 100 | _aBoakye, Kwabena G | ||
| 245 | _aToward an integrated decision-making model for consumer electronic/ | ||
| 245 | _cKwabena G. Boakye, Chung Yean Chiang, and Xiao Tang.-- | ||
| 260 | _bTaylor and Francis Group | ||
| 260 | _c2018 | ||
| 300 | _apages 264-273, 2018 | ||
| 440 |
_aJournal of Computer Inforamation System _v58(3) |
||
| 650 | _aContinuance Intentions | ||
| 650 | _aCustomer experience | ||
| 650 | _aCustomer value theory | ||
| 650 | _aHedonic Value | ||
| 999 |
_c361732 _d361732 |
||